| 000 | 01009nam a2200229 i 4500 | ||
|---|---|---|---|
| 001 | 189749 | ||
| 003 | ES-MaACL | ||
| 005 | 20251005063142.0 | ||
| 008 | 191009s1946 sp |||| | spa d | ||
| 100 | 1 |
_aPaz Espeso, Julián, _d1868-1962 _989769 |
|
| 245 | 1 | 0 |
_aSecretaría de Estado _b: documentos de las negociaciones de Flandes, Holanda y Bruselas, y papeles genealógicos. 1506-1795 / _cpor Julián Paz ; con un indice de títulos nobiliarios por Angel de la Plaza. |
| 250 | _a2ª ed. | ||
| 260 |
_aMadrid : _b[s.n.], _c1946 ( _fDiana, Art. Gráf.) |
||
| 300 |
_a450 p., 1 h. ; _c25 cm. |
||
| 490 | 1 |
_aArchivo General de Simancas. Catálogo ; _v3 |
|
| 594 | _aPrecede al tít.: Consejo Superior de Investigaciones Científicas, Instituto Jerónimo Zurita. | ||
| 610 | 0 | 4 |
_aArchivo General de Simancas- _vCatálogos. _91440 |
| 700 | 0 |
_aPlaza, Angel de la. _992616 |
|
| 830 | 0 | 0 |
_aArchivo General de Simancas. _pCatálogo _v3 _9193396 |
| 852 |
_aES-MaACL _jP-946-1 |
||
| 999 |
_c189749 _d189749 |
||